| 000 | 00325nam a2200121Ia 4500 | ||
|---|---|---|---|
| 008 | 210430s9999 xx 000 0 und d | ||
| 082 | _a532 F 282 I | ||
| 100 |
_aJames A. Fay _954317 |
||
| 245 |
_aIntroduction to Fluid Mechanics _cJames A. Fay |
||
| 260 |
_aIndia _bAsoke K.Ghosh _c1994 |
||
| 300 | _a605 p | ||
| 942 |
_cBK _2ddc |
||
| 999 |
_c564872 _d564872 |
||